000 00425nam a22001217a 4500
003 LK-CoDNM
005 20240830135534.0
008 240830b |||||||| |||| 00| 0 eng d
040 _aLK-CoDNM
_dLK-CoDNM
_eLK-CoDNM
245 _aනියෝජිත මන්ත්‍රී මණ්ඩලයේ කාර්‍ය් සටහන්
260 _bලංකාණ්ඩුවෙ මුද්‍රණාලය
942 _cBK
999 _c150291
_d150291